| 000 | 00655nam a2200241Ia 4500 | ||
|---|---|---|---|
| 003 | OSt | ||
| 005 | 20250401122956.0 | ||
| 008 | 210329s9999||||xx |||||||||||||| ||und|| | ||
| 020 | _a9780521477079 | ||
| 040 | _cSTCPL | ||
| 041 | _aENG | ||
| 082 |
_a420.7 _bAND-S |
||
| 100 | _aRadford, Andrew | ||
| 245 | 0 |
_aSyntactic theory and the structure of english : _bA minimalist approach / _cby Andrew Radford |
|
| 260 |
_aU K : _bCambridge University Press , _c1997 . |
||
| 300 |
_a558 p. _bPB |
||
| 650 | _aEnglish literature | ||
| 650 | _aGrammar | ||
| 650 | _aLanguage faculty | ||
| 650 | _aSyntactic structure | ||
| 942 | _cBK | ||
| 942 |
_2ddc _n0 |
||
| 999 |
_c52520 _d52520 |
||